Tom Waits's albums - Statistics

General Stats
  • This quiz has been taken 182 times
    177 since last reset
  • The average score is 14 of 22
Answer Stats
Year Answer % Correct
1985 Raindogs
94%
1973 Closing Time
89%
1983 Swordfishtrombones
89%
1987 Frank's Wild Years
83%
2002 Alice
82%
1999 Mule Variations
82%
1980 Heartattack and Vine
79%
1992 Bone Machine
77%
2002 Blood Money
72%
1975 Nighthawks at the Diner
71%
1974 The heart of Saturday Night
71%
2011 Bad as Me
70%
1978 Blue Valentine
68%
1976 Small Change
67%
1993 The Black Rider
63%
2004 Real Gone
60%
1977 Foreign Affairs
53%
1988 Big Time
47%
1982 One from the Heart
35%
2009 Glitter and Doom
30%
1992 Night on Earth
26%
2006 Orphans: Brawlers, Bawlers & Bastards
23%
No matching quizzes found
Score Distribution
Percent of People with Each Score
Percentile by Number Answered
Your Score History
You have not taken this quiz since the last reset